000 00715nam a2200205 a 4500
001 000034730
005 20200930073852.0
008 111019s1995 ve 000 j spa d
040 _aDO-SdBNP
_bspa
_cBNPHU
100 1 _aPocaterra, José Rafael,
_d1888-1955
_960195
245 1 0 _aCuentos grotescos /
_cJosé Rafael Pocaterra ; prólogo María Josefina Tejera.
250 _a11a. ed.
260 _aCaracas :
_bMonte Ávila Editores,
_c1995.
300 _a422 p. ;
_c16 cm.
490 0 _aEl dorado
590 _aPerteneció a la biblioteca personal de Juan Isidro Jimenes Grullón
650 2 4 _aLiteratura venezolana
_93816
650 2 4 _aNovela venezolana
_93962
700 1 _aTejera, María Josefina,
_epról.
_98980
999 _c34221
_d34221